<?xml version="1.0" encoding="UTF-8"?><?xml-stylesheet type="text/xsl" href="static/style.xsl"?><OAI-PMH xmlns="http://www.openarchives.org/OAI/2.0/" xmlns:xsi="http://www.w3.org/2001/XMLSchema-instance" xsi:schemaLocation="http://www.openarchives.org/OAI/2.0/ http://www.openarchives.org/OAI/2.0/OAI-PMH.xsd"><responseDate>2026-06-05T15:30:45Z</responseDate><request verb="GetRecord" identifier="oai:riuma.uma.es:10630/8272" metadataPrefix="marc">https://riuma.uma.es/rest/oai/request</request><GetRecord><record><header><identifier>oai:riuma.uma.es:10630/8272</identifier><datestamp>2026-02-03T12:31:21Z</datestamp><setSpec>com_10630_2254</setSpec><setSpec>col_10630_37959</setSpec></header><metadata><record xmlns="http://www.loc.gov/MARC21/slim" xmlns:dcterms="http://purl.org/dc/terms/" xmlns:doc="http://www.lyncode.com/xoai" xmlns:xsi="http://www.w3.org/2001/XMLSchema-instance" xsi:schemaLocation="http://www.loc.gov/MARC21/slim http://www.loc.gov/standards/marcxml/schema/MARC21slim.xsd">
   <leader>00925njm 22002777a 4500</leader>
   <datafield ind2=" " ind1=" " tag="042">
      <subfield code="a">dc</subfield>
   </datafield>
   <datafield ind2=" " ind1=" " tag="720">
      <subfield code="a">Membrilla Mesa, Miguel David</subfield>
      <subfield code="e">author</subfield>
   </datafield>
   <datafield ind2=" " ind1=" " tag="720">
      <subfield code="a">Tejero Fernandez, Victor</subfield>
      <subfield code="e">author</subfield>
   </datafield>
   <datafield ind2=" " ind1=" " tag="720">
      <subfield code="a">Jiménez Pacheco, Araceli</subfield>
      <subfield code="e">author</subfield>
   </datafield>
   <datafield ind2=" " ind1=" " tag="720">
      <subfield code="a">Garcia Montes, Inmaculada</subfield>
      <subfield code="e">author</subfield>
   </datafield>
   <datafield ind2=" " ind1=" " tag="720">
      <subfield code="a">Cuesta-Vargas, Antonio</subfield>
      <subfield code="e">author</subfield>
   </datafield>
   <datafield ind2=" " ind1=" " tag="720">
      <subfield code="a">Arroyo Morales, Manuel</subfield>
      <subfield code="e">author</subfield>
   </datafield>
   <datafield ind2=" " ind1=" " tag="260">
      <subfield code="c">2014-10-22</subfield>
   </datafield>
   <datafield ind2=" " ind1=" " tag="520">
      <subfield code="a">Introducción y objetivos: El Simple Shoulder Test (SST) es una herramienta de medida recientemente publicado pero ampliamente usado.&#xd;
El objetivo de este estudio fue desarrollar y validar una versión española del SST (SST-Sp). &#xd;
Material y métodos: Se realizó un estudio observacional en dos etapas. El Simple Shoulder Test (SST) fue inicialmente adaptado transculturalmente al español a través de una doble traducción y traducción inversa posteriormente validando sus características psicométricas. Los participantes (n=66) con distintos problemas de hombrocompletaron el SST-Sp, DASH, VAS y SF-12. La muestra completa se utilizó para determinar la estructura factorial, consistencia interna y la validez de criterio concurrente. La fiabilidad fue determinada en las primeras 24-48 horas con una submuestra de 21 pacientes. &#xd;
Resultados: El SST-Sp mostró tres factores que explicaron el 56,1 % de la varianza y se obtuvo la consistencia interna para cada factor ( a=0,738, 0,723 y 0,667) y la fiabilidad (ICC=0,687-0,944) . La estructura factorial fue tridimensional y apoyada por la validez de constructo. La validez de criterio determinada a partir de la relación entre el SST- Sp y DASH fue fuerte (r = -0,73) y justo e inversamente relacionado en VAS r = -0,537 (p &lt; 0,001 ) . Las relaciones entre SST –Sp y la dimensión física y mental de SF- 12 fueron débiles r = -0,47 (p &lt; 0.001) ) y r = -0,43 (p &lt; 0,001), respectivamente.&#xd;
Conclusión: El SST-Sp mantiene las características de la versión inglesa original como una herramienta de medida válida para el hombro. Ha demostrado características psicométricas similares a la versión inglesa original para los criterios de validez, fiabilidad pero no en la estructura factorial.</subfield>
   </datafield>
   <datafield ind1="8" ind2=" " tag="024">
      <subfield code="a">http://hdl.handle.net/10630/8272</subfield>
   </datafield>
   <datafield tag="653" ind2=" " ind1=" ">
      <subfield code="a">Hombros</subfield>
   </datafield>
   <datafield tag="653" ind2=" " ind1=" ">
      <subfield code="a">Fisioterapia</subfield>
   </datafield>
   <datafield ind2="0" ind1="0" tag="245">
      <subfield code="a">Traducción, adaptación transcultural y validación de la versión española del Simple Shoulder Test (SST-Sp)</subfield>
   </datafield>
</record>
</metadata></record></GetRecord></OAI-PMH>